| 000 | 00425nam a2200121Ia 4500 | ||
|---|---|---|---|
| 008 | 220216s9999 xx 000 0 und d | ||
| 100 | _aMathew J. | ||
| 245 | 0 | _aUtilisation of effluents | |
| 260 |
_bIn: Workshop Manual on Treatment of Effluent from Rubber Processing Factories, Rubber Research Institute of India, Kottayam, India, pp. 43-46 _c1988 |
||
| 650 | _aEffluent treatment | ||
| 650 | _aRubber effluent | ||
| 942 | _cBS | ||
| 999 |
_c50336 _d50336 |
||